[Event "FIDE-Wch k.o."]
[Site "Groningen"]
[Date "1997.12.27"]
[Round "7.2"]
[White "Anand, Viswanathan"]
[Black "Adams, Michael"]
[Result "1/2-1/2"]
[WhiteElo "2765"]
[BlackElo "2680"]
[Annotator "Ribli,Z"]
[PlyCount "95"]
[EventDate "1997.12.09"]
[EventType "k.o."]
[EventRounds "7"]
[EventCountry "NED"]
[SourceTitle "CBM 063"]
[Source "ChessBase"]
[SourceDate "1998.03.26"]
[SourceVersion "1"]
[SourceVersionDate "1998.03.26"]
[SourceQuality "1"]

1. Nf3 {Eine kleine Überraschung. Normalerweise spielt Anand 1.e4.} Nf6 2. c4
e6 3. Nc3 d5 4. d4 c5 5. cxd5 cxd4 {Nach dem üblichen 5...Nxd5 haben wir die
Grundstellung der Semi-Tarrasch Verteidigung auf dem Brett. Der Partiezug
wurde seinerzeit sehr oft von Paul Keres gespielt.} 6. Qxd4 Nxd5 {Der
Partiezug führt zu einer symmetrischen Stellung, in der Weiß ein wenig
Initiative bekommt, Schwarz aber über eine solide Stellung verfügt.} (6... exd5
{Das war eigentlich eine Lieblingsvariante von GM Keres.} 7. e4 $1 $14) 7. e4
Nxc3 8. Qxc3 {Es gibt eine andere Zugfolge, die zu derselben Stellung führt: 1.
c4 c5 2.Nf3 Nf6 3.Nc3 d5 4.cxd5 Nxd5 5.d4 cxd4 6.Qxd4 Nxc3 7.Qxc3 Nc6 8.e4 e6.}
Nc6 9. Bb5 Bd7 (9... Qb6 10. Bxc6+ (10. a4 Qc5 11. Bd2 Qxc3 12. Bxc3 Bd7 $11)
10... Qxc6 11. Qxc6+ bxc6 12. O-O Be7 13. Be3 O-O 14. Rfc1 $14 Bb7 15. Bc5 Bxc5
16. Rxc5 {Weiß besitzt einen kleinen, aber dauerhaften Vorteil, weil der Pc6
eine ewige Schwäche in der schwarzen Stellung darstellt.}) 10. O-O Qb6 11. a4 (
11. Ba4 Qb4 12. Qxb4 Bxb4 13. Rd1 f6 14. Be3 Ke7 15. a3 Bd6 16. Rd2 Rhd8 17.
Rad1 Bc7 18. Bc5+ Ke8 19. Bb3 Bf4 20. Rd3 Rac8 {1/2-1/2 Salov,V-Barsov,A/
Corsica Rapid, Bastia FRA 1997 (24)}) 11... Qc5 12. Qd3 {Wenn Weiß auf
Eröffnungsvorteil spielen will, muß er die Damen auf dem Brett halten.} (12.
Bd2 Qxc3 13. Bxc3 $11) (12. Be3 Qxc3 13. bxc3 a6 $5 (13... Bd6 $6 14. Rfd1 Ke7
15. e5 $1 Bc7 16. Bc5+ $16) 14. Be2 Bd6 15. Rfb1 (15. Rfd1 Ke7 $11) 15... O-O-O
$11) 12... Qd6 (12... a6 13. Rd1 Qe7 14. Bxc6 (14. Bc4 Rd8 15. Be3 Bc8 16. Qc2
Rxd1+ 17. Rxd1 $36 {Weiß hat großen Entwicklungsvorteil, und der schwarze
König steht schlecht in der Mitte.}) 14... Bxc6 15. Ne5 Rc8 16. Bf4 f6 17. Nxc6
Rxc6 18. Rac1 Rxc1 19. Rxc1 {1-0 Zueger,B-Giertz,N/SUI-ch 1995 (40)}) 13. Qe2
Qc7 $146 (13... a6 14. e5 $1 (14. Rd1 Qc7 15. Bxc6 (15. Bc4 Na5 $13) (15. Bd3
Bd6 16. Be3 Ne5 17. Rac1 Qb8 (17... Bc6 18. Nd4 $14)) 15... Bxc6 16. Bg5 h6 17.
Be3 Bd6 $11) 14... Qc7 15. Bd3 Nb4 $8 (15... Be7 16. Bd2 $16) 16. Be4 (16. Bb1
Rc8 $1 (16... Bc6 17. Ng5 $14)) 16... Bc6 17. Bd2 Bxe4 18. Qxe4 Nd5 19. Rfc1
Qd7 20. Rc4 Be7 (20... h5 $5) 21. Qg4 Kf8 $8 {1/2-1/2 Kramnik,V-Adams,M/
Deutschland 1997 (45)}) (13... Be7 14. Bd2 (14. Rd1) 14... a6 15. e5 Qc7 16.
Bd3 Nb4 17. Rfc1 Bc6 18. Bxb4 Bxb4 19. Nd4 Qb6 20. Nxc6 bxc6 21. Qe4 $16) 14.
e5 $5 {Ein zweischneidiger Zug! Weiß gewinnt Raum und bekommt Initiative am
Königsflügel. Aber in einigen Varianten wird der Pe5 schwach, und mit dem
Partiezug wird zugleich die Kontrolle über das Feld d5 aufgegeben.} Bc5 15. Rd1
a6 16. Bd3 h6 {Mit diesem Zug sichert Schwarz seine Königsstellung und
unterbindet das eventuelle Springermanöver Nf3-g5.} (16... O-O $2 17. Bxh7+
Kxh7 18. Ng5+ (18. Qc2+ $16) 18... Kg8 (18... Kg6 19. Qd3+ $18 {[%csl Rg6]})
19. Qh5 $16) 17. Bf4 Nb4 {Schwarz muß mit dem König in der Mitte bleiben. In
der Tat ist es nicht leicht für Weiß, seinen Angriff zu organisieren.} (17...
O-O 18. Qe4 $16 {[%cal Rd3h7]}) 18. Be4 Bc6 $11 {Die Kontrolle über das Feld
d5 bietet Schwarz gleiche Chancen.} 19. Nd2 Rd8 20. Bxc6+ Qxc6 {Natürlich hat
Schwarz nach dem Tausch der weißfeldrigen Läufer sehr starke Kontrolle über
die weißen Felder, aber seine Königsstellung ist ein wenig unsicher.} 21. Ne4
Rxd1+ (21... O-O $5 22. Bxh6 gxh6 23. Nf6+ Kh8 24. Qh5 Bxf2+ (24... Kg7 25.
Qg4+ Kh8 26. Qf4 Kg7 27. Nh5+ Kg6 (27... Kg8 28. Qg4+) 28. Qg4+ $18) 25. Kxf2
Qc2+ $13) 22. Rxd1 Be7 23. Nd6+ {Früher oder später muß Weiß diesen Zug
spielen. Der schwarze Plan mit Nd5 ist offensichtlich.} (23. Rc1 Qd7 24. Nd6+
Bxd6 25. exd6 Nd5 26. Qg4 Nxf4 27. Qxg7 (27. Rc7 Qxa4 (27... Qxd6 28. Rc8+ Ke7
29. Rxh8 $14)) 27... Rf8 28. Rc7 Qxd6 $19) 23... Bxd6 24. exd6 $13 {Die ewige
Frage in solchen Stellungen ist, ob der Pd6 nun stark oder eher schwach ist.
Im Mittelspiel kann der Bauer sehr gefährlich werden, aber im Endspiel -wenn
Schwarz z.B. mit Kd7 blockieren kann- ist er eine Schwäche.} Nd5 (24... Kd7 $2
{Dieser Blockadezug wäre verfrüht.} 25. Rc1 $16) 25. Be5 $6 (25. Qg4 g6 $13 (
25... Nxf4 26. d7+ Ke7 27. Qxf4 Rd8 28. Qb4+ Kf6 29. Qh4+ $1 $16) 26. Rc1 Qxa4
$1 (26... Qd7 27. Be5 $16 {[%csl Ge5]}) 27. Rc8+ Kd7 28. Rxh8 Qa1+ $19) 25...
f6 (25... O-O 26. Qg4 $36) 26. Qh5+ (26. Bxf6 $2 Nxf6 (26... gxf6 27. Qxe6+ $18
) 27. Qxe6+ Kd8 {Bemerkenswerter Weise befindet sich der schwarze König - dank
des weißen Pd6 - in Sicherheit auf der d-Linie.} (27... Kf8 $2 28. Qe7+ Kg8 29.
d7 $16) 28. Qe7+ Kc8 29. Qxg7 Rg8 $19 30. Qxf6 Qxg2#) 26... Kf8 27. Bg3 Qe8 28.
Qg4 h5 29. Qe4 Qd7 30. h4 {Meiner Meinung nach kommt Weiß um diesen Zug nicht
herum.} (30. f4 {[%cal Rf4f5]} h4 31. Bf2 Rh5 $13 {[%csl Gh5][%cal Gh5d5]})
30... Kf7 31. Rc1 g6 $11 32. Qc2 {Weiß kontrolliert die einzige offene Linie,
aber es gibt dort keine Eindringungsmöglichkeiten.} (32. b3 Rc8 $11) (32. a5
Rc8 $11) 32... Rd8 33. Qc4 Kg7 34. a5 {Mit diesem Zug befreit Weiß seine Dame
von der Verteidigung des a-Bauern.} Kf7 {Die schwarze Stellung ist solide. Mit
einfachen Wartezügen kann er das Gleichgewicht halten.} 35. b3 Kg7 36. Qd3 Rc8
37. Rc4 Rxc4 38. bxc4 Nb4 {In der ganzen Partie verfolgt Schwarz nur eine
einfache Strategie: Blockade auf den weißen Feldern.} 39. Qd2 Nc6 40. Bf4 Nb8 {
Auf diese Weise befreit Schwarz seine Dame. Er möchte künftig seinen Springer
zur Blockade einsetzen.} 41. Be3 Qc6 42. Qb4 Nd7 43. c5 Qd5 {[%csl Gd5]} 44.
Qa4 Qc6 (44... Nxc5 $2 45. Bxc5 Qxc5 46. Qd7+ Kh6 47. Qc7 $18 {[%csl Gc7,Gd6]}
(47. Qxe6 Qc1+ 48. Kh2 Qf4+ 49. Kh3) 47... Qe5 48. Qc8 {[%cal Rc8h8,Rh8h6,
Rd6d8]}) 45. Qf4 Kg8 {Schwarz muß die Drohung 46.Qh6 parieren. Nach dem
Partiezug bringt das Eindringen der Dame nichts.} 46. Qc4 (46. g4 Qd5 {[%csl
Gd5]} (46... hxg4 47. Qxg4 Kf7 48. h5 $36) 47. gxh5 gxh5 $13) 46... Kf7 47. Qf4
Kg8 48. Qc4 (48. Qh6 Qe4 {[%csl Ge4]}) 1/2-1/2

[Event "Candidates m5"]
[Site "Wijk aan Zee"]
[Date "1991.??.??"]
[Round "7"]
[White "Kortschnoj, Viktor Lvovich"]
[Black "Sax, Gyula"]
[Result "1/2-1/2"]
[WhiteElo "2615"]
[BlackElo "2605"]
[Annotator "Ribli,Z"]
[PlyCount "48"]
[EventDate "1991.01.??"]
[EventType "match"]
[EventRounds "8"]
[EventCountry "NED"]
[SourceTitle "Candidates"]
[Source "ChessBase"]
[SourceDate "1999.07.01"]
[SourceVersion "2"]
[SourceVersionDate "1999.07.01"]
[SourceQuality "1"]

1. Nf3 Nf6 2. c4 c5 3. Nc3 d5 4. cxd5 Nxd5 5. d4 Nxc3 6. bxc3 g6 7. e3 (7. e4
$5 {-> D 85}) 7... Bg7 8. Bd3 O-O 9. O-O Qc7 10. a4 (10. Qe2 b6 $6 (10... Rd8
$5) 11. Rd1 Bb7 12. e4 Nc6 13. Be3 Rad8 14. Rac1 Na5 15. d5 Bc8 16. Bg5 $14 {
Tal,M-Lin Ta Manila izt CBM/19}) 10... Nc6 11. Ba3 b6 12. Rb1 Rd8 13. Qe2 Na5
14. dxc5 bxc5 15. Rfd1 Bd7 16. Bb5 a6 17. Bxd7 Rxd7 18. Rxd7 Qxd7 19. Bxc5 $4
Qxa4 $4 (19... Qf5 $19) 20. Nd4 e5 21. Nf3 Qc6 22. Bb4 Nc4 23. Nd2 Nxd2 24.
Qxd2 e4 1/2-1/2

[Event "RUS-Cup03 Geller Memorial"]
[Site "Moscow"]
[Date "1999.02.13"]
[Round "4"]
[White "Tosic, Miroslav"]
[Black "Kachar, Vladimir"]
[Result "0-1"]
[WhiteElo "2517"]
[BlackElo "2390"]
[Annotator "Ribli,Z"]
[PlyCount "108"]
[EventDate "1999.02.10"]
[EventType "swiss"]
[EventRounds "9"]
[EventCountry "RUS"]
[SourceTitle "CBM 070"]
[Source "ChessBase"]
[SourceDate "1999.06.08"]
[SourceVersion "1"]
[SourceVersionDate "1999.06.08"]
[SourceQuality "1"]

{[%mdl 2112]} 1. Nf3 Nf6 2. c4 c5 3. Nc3 d5 {Dieser Zug ist seltener, aber
keineswegs schlechter als seine Alternativen. Ribli.} 4. cxd5 Nxd5 5. g3 {
Mit 5.e4 oder 5.d4 kann auch Weiß das Spiel verschärfen.} Nc6 6. Bg2 g6 (6...
Nc7 {Das ist der sogenannte Rubinstein-Aufbau. Schwarz möchte 7...e5 mit
starkem Zentrum ziehen. Sofort wäre das schlecht wegen 6...e5? 7.Nxe5!.}) (6...
e6) 7. O-O Bg7 8. Nxd5 Qxd5 9. d3 Bd7 {Dieser Zug ist logisch. Schwarz
entwickelt zuerst den Läufer und kann später rochieren.} (9... Qd6 $5 10. Nd2 (
10. Bf4 e5 11. Be3 Bd7 12. Rc1 b6 13. a3 Rd8 14. Nd2 Nd4 15. Ne4 Qe7 16. b4
cxb4 17. axb4 O-O 18. Rc7 Nb5 19. Rb7 Qxb4 {0-1 Ebalard,M-Palac,M/FRA-chT9697
groupe B 1997/EXT 99 (28)}) (10. Be3 Bxb2 11. Rb1 Bg7 12. Qa4 $44 {1/2-1/2
Andersson,U-Enklaar,B/Wijk aan Zee 1973/MCD (28)} (12. Nd2 $5 $44)) 10... b6
11. Nc4 (11. Ne4 Qd7 12. Rb1 O-O 13. a3 Bb7 14. b4 cxb4 15. axb4 Nd4 16. Bb2 e5
17. Bxd4 exd4 18. Qb3 Rfe8 $13 {0-1 Landenbergue,C-Palac,M/Cannes 1997/CBM 57
ext (29)}) 11... Qd7 12. a4 $6 (12. a3 $13) 12... O-O 13. Be3 Ba6 $1 14. Qd2
Rac8 15. Rfc1 Rfd8 $15 {1/2-1/2 Krasenkov,M-Andersson,U/Malmo 1994/Inf 61/
[Krasenkov,M] (56)}) (9... Qh5 $2 10. Qb3 Rb8 11. Ng5 Nd8 12. Bf3 {1-0
Peicheva Hansen,E-Holst,P/DEN-chT 9697 1996/EXT 99 (12)}) (9... O-O 10. Be3 Bd7
11. Nd4 Qd6 12. Nxc6 Bxc6 13. Bxc6 Qxc6 14. Rc1 Qe6 15. Rxc5 Qxa2 $11) 10. Ng5
(10. Be3 Rc8 $11 (10... Bxb2 $6 11. Rb1 $36) (10... O-O 11. Nd4 {Mit Übergang
zur Variante 9...0-0.})) 10... Qd4 (10... Qf5) 11. Be3 (11. Qb3 O-O (11... Nd8
{[%csl Rd8]} 12. Be3 $14) 12. Qxb7 $5 {Die weiße Dame steht unglüklich auf b7,
aber es ist nicht leicht für Schwarz, seine Kompensation nachzuweisen. In der
Partie spielte Weiß ähnlich, aber der b2-Bauer war immer schwach.}) 11... Qe5 (
11... Qxb2 12. Rb1 Qxa2 13. Rxb7 $36) 12. Qb3 {[%cal Rb3f7,Rb3b7]} e6 (12...
O-O $2 13. Qxb7 $18 {[%csl Rc6,Rd7][%cal Rb7d7,Rg2c6]}) 13. Qxb7 $13 Rb8 14.
Qa6 (14. Qxc6 Bxc6 15. Bxc6+ Kf8 16. Bf4 (16. Ne4 Rxb2 17. Bxc5+ Kg8 $17) 16...
Qxb2 17. Bxb8 Qxb8 18. Rac1 $15) 14... Rb6 15. Qa3 {[%csl Rb2,Rc5]} Qxb2 16.
Qxc5 (16. Bxc5 Qxa3 17. Bxa3 Bxa1 18. Rxa1 Nd4 $15) 16... Rb5 (16... Qxe2 17.
Ne4 {[%csl Re8][%cal Re4d6]} Bxa1 18. Rxa1 $16 {Weiß hat ausgezeichnetes Spiel
auf den schwarzen Feldern, was mehr als ausreichende Kompensation für die
Qualität darstellt.}) 17. Qc4 $16 {Weiß hat einen Bauern mehr und es ist nicht
leicht für Schwarz, seine Entwicklung zu beenden.} (17. Rab1 Rxc5 (17... Qxb1
18. Rxb1 Rxb1+ 19. Bf1 $16 {[%cal Gg5e4,Ge4d6]}) 18. Rxb2 Rxg5 19. Bxc6 Bxb2
20. Bxd7+ Kxd7 21. Bxg5 Rc8 $132) 17... Ne5 (17... Rb4 18. Qa6) 18. Qh4 $6 (18.
Qc7 $1 Qxe2 (18... O-O 19. a4 $1 {[%csl Rb5]} (19. d4 Ng4 20. Qxd7 Nxe3 21.
fxe3 Rxg5 22. Qxa7 $14) 19... Rb4 (19... Rc8 20. Qxa7 $18) 20. d4 Ng4 21. Qxd7
$18) 19. Ne4 {[%cal Re4c3,Rc3e2,Rc3b5,Re4d6,Rd6b5]}) 18... Qxe2 $13 {Schwarz
hat das materielle Gleichgewicht wiederhergestellt und obwohl er noch nicht
rochieren kann, hat er aktives Figurenspiel.} 19. Ne4 (19. Bxa7 Nxd3 20. Rad1
Rb2 21. Bd4 Rb4 $13) 19... O-O 20. Kh1 {Ein Prophylaxezug, der Springerschachs
auf f3 aus der Stellung nimmt.} (20. Nf6+ Bxf6 21. Qxf6 Ng4 22. Qf3 Qxf3 23.
Bxf3 Nxe3 24. fxe3 Rb2 $15 {[%csl Gb2]}) 20... Bc6 $1 {[%cal Gc6h1]} (20... Nf3
21. Nf6+ Bxf6 22. Qxf6 Rf5 23. Qe7 $14) 21. Rac1 Ba8 {[%cal Ga8h1] Der
weißfeldrige Läufer ist in Sicherheit.} 22. d4 Nf3 $15 23. Qg4 (23. Qf4 Rf5 24.
Nc3 Qxf1+ 25. Rxf1 Rxf4 26. Bxf4 Nxd4 $17) (23. Nf6+ Bxf6 24. Qxf6 Rh5 {
[%csl Rh1,Rh2][%cal Rh5h2]} 25. h3 Nd2 {[%csl Rh1][%cal Rd2f1,Rh5h3]} 26. Rfe1
Rxh3+ 27. Kg1 Nf3+ 28. Bxf3 Qxf3 $19 {[%csl Rg1]} (28... Bxf3 $19 {[%csl Rg1]})
) {[#]} 23... Nxd4 $1 {Mit dieser kleinen Kombination gewinnt Schwarz einen
Bauern.} 24. Qxe2 Nxe2 25. Rc7 (25. Rc2 Nd4) 25... a5 26. Ra7 {[%csl Ga7] Weiß
entfaltet etwas Aktivität für den Bauern, aber Schwarz ist im Vorteil.} Bd5 {
[%cal Rd5a2]} 27. a4 Rb4 {[%csl Ra4,Re4][%cal Rb4e4,Rb4a4]} 28. Nc5 {Alles
scheint für Weiß in Ordnung, den der schwarze a-Bauer ist schwach.} Rc8 $1 {
[%cal Gc8c5]} 29. Rxa5 Nc3 30. Re1 (30. Rc1 $142) 30... Rc4 31. Kg1 $2 (31. Rc1
$142 $15 {Schwarz hat besseres Figurenspiel, aber die Stellung ist kompliziert.
} Bf8 $2 32. Nd7 {[%cal Rd7b6,Rb6c4,Rb6c8,Rd7f6]} Bxg2+ 33. Kxg2 Nxa4 $4 34.
Rxc4 Rxc4 35. Ra8 $18) 31... Bxg2 32. Kxg2 Nd5 $17 {[%csl Rc5,Re3][%cal Rg7c3,
Rc3e1,Rc3a5] Weiß verliert Material. Es droht 33...Bc3 und nach 33...Nxe3
hängt c5. Weiß kann sich der vielseitigen Drohungen nicht erwehren.} 33. Nb3
Bc3 {[%cal Rc3e1,Rc3a5]} 34. Rxd5 {Weiß hat nichts besseres, als die Qualität
zu geben.} exd5 35. Rd1 Rb4 (35... Rxa4 $6 36. Rxd5 $17 {Weiß hat einige
Hoffnungen, die Stellung zu halten.}) 36. Nc1 d4 37. Bh6 Rxa4 38. Nd3 {[%csl
Gd3] Schwarz hat großen Materialvorteil, aber der weiße Springer blockiert gut
auf d3.} Ra1 39. Bc1 (39. Rxa1 Bxa1 40. Kf3 f5 $19) 39... Rb8 {[%cal Gb8b1]}
40. Kf3 Rbb1 41. Ke2 Ra2+ 42. Kf3 f5 {[%cal Rg8f7,Rf7e6,Re6d5,Rd5c4] Es gibt
keine konkreten Drohungen, aber der schwarze König kann ins Zentrum gelangen.}
43. g4 fxg4+ 44. Kxg4 Bd2 $1 {Ein schöner Zug. Schwarz opfert zeitweilig eine
Figur und kommt nach Vereinfachungen in ein gewonnenes Endspiel.} (44... Kf7)
45. Rxd2 Rxd2 46. Bxd2 Rd1 $19 {[%cal Rd1d3] Schwarz gewinnt die Figur zurück
und steht auf Gewinn.} 47. Kf3 Rxd2 48. Ke4 {Weiß gewinnt den schwarzen
d-Bauern, verliert aber den eigenen h-bauern.} Rd1 {[%cal Rd1h1,Rh1h2]} 49.
Kxd4 Rh1 50. f4 Rxh2 51. f5 g5 $5 {Am einfachsten! Die beiden verbundenen
Freibauern gewinnen von selbst.} (51... gxf5 $19) 52. Ne5 Rd2+ 53. Ke3 Ra2 54.
f6 h5 0-1

[Event "Bern"]
[Site "Bern"]
[Date "1991.??.??"]
[Round "5"]
[White "Wirthensohn, Heinz"]
[Black "Miralles, Gilles"]
[Result "0-1"]
[WhiteElo "2460"]
[BlackElo "2470"]
[Annotator "Ribli,Z"]
[PlyCount "82"]
[EventDate "1991.02.??"]
[EventType "tourn"]
[EventRounds "9"]
[EventCountry "SUI"]
[EventCategory "9"]
[SourceTitle "CBM 022"]
[Source "ChessBase"]
[SourceDate "1991.06.01"]
[SourceVersion "1"]
[SourceVersionDate "1991.06.01"]
[SourceQuality "1"]

1. Nf3 Nf6 2. c4 c5 3. Nc3 b6 4. e4 d6 5. d4 cxd4 6. Nxd4 Bb7 7. Bd3 g6 8. Be3
(8. O-O Bg7 9. Bg5 Nbd7 10. Re1 a6 11. Bf1 h6 12. Bh4 O-O 13. Qd2 Nc5 14. f3
$13 {Benjamin,Joe-Rohde,M USA-ch 1989 CBM/19 48/(49)}) 8... Bg7 9. O-O Nbd7 10.
f3 h5 11. Rf2 a6 12. Bf1 Rc8 13. Nd5 O-O 14. Rc2 Nh7 15. Rac1 e6 16. Nc3 Qe7
17. Qd2 $13 Rfe8 18. b4 Rb8 19. Nb3 Ndf6 20. c5 dxc5 21. bxc5 Red8 22. Qf2 b5
23. a3 Qc7 24. Na2 $2 Bxe4 $1 25. Rb2 (25. fxe4 Ng4 26. Bf4 e5 $19) 25... Bc6
26. Nb4 Nd5 $1 27. Nxa6 Qc8 28. Nxb8 Bxb2 29. Rb1 Nxe3 30. Nxc6 Qxc6 31. Rxb2
Nd1 32. Qc2 Nxb2 33. Qxb2 h4 34. Qc3 Nf8 35. Nd4 Qd5 36. c6 Rc8 37. c7 e5 38.
Nxb5 Ne6 39. h3 Nxc7 40. Nxc7 Qd6 41. Qc4 Qxc7 0-1

[Event "RUS-chT 06th"]
[Site "St Petersburg"]
[Date "1999.05.23"]
[Round "8"]
[White "Babiy, Anatoly"]
[Black "Filippov, Valerij"]
[Result "0-1"]
[WhiteElo "2471"]
[BlackElo "2574"]
[Annotator "Ribli,Z"]
[PlyCount "54"]
[EventDate "1999.05.16"]
[EventType "team-tourn"]
[EventRounds "9"]
[EventCountry "RUS"]
[SourceTitle "EXT 2020"]
[Source "ChessBase"]
[SourceDate "2019.10.17"]
[SourceVersion "1"]
[SourceVersionDate "2019.10.17"]
[SourceQuality "1"]
[WhiteTeam "Vladivostok DVGU"]
[BlackTeam "Tomsk Siberia"]
[WhiteTeamCountry "RUS"]
[BlackTeamCountry "RUS"]

{[%mdl 8704]} 1. Nf3 c5 2. c4 Nc6 3. Nc3 e5 {Schwarz schwächt das Feld d5,
verhindert aber andererseits den Zug d2-d4. Statt der theoretischen
Hauptvarianten möchte er eine eigenständige Partie spielen. Ribli.} 4. e3 Nf6
5. Be2 (5. b3 g6 6. Bb2 Bg7 7. Nd5 d6 8. Nxf6+ Bxf6 9. d3 O-O 10. Be2 Bg7 11.
Qc2 d5 12. cxd5 Qxd5 13. O-O b6 14. a3 Bb7 15. Bc3 Rac8 16. Qb2 a5 {0-1
Horvath,C-Almasi,Z/Lillafured 1999/CBM 70_07 (64)}) (5. d4 $5) (5. a3 $5) 5...
d5 6. cxd5 Nxd5 {Diese Stellung ist typisch für die Sizilianische Verteidigung.
} 7. O-O (7. Bb5 {Jetzt hat Weiß sein Extratempo verloren. Wir haben die
gleiche Stellung (mit vertauschten Farben) wie nach 1.e4 c5 2.Nf3 e6 3.d4 cxd4
4.Nxd4 Nc6 5.c4 Nf6 6.Nc3 Bb4.} Nxc3 8. bxc3 Bd6 9. Qc2 O-O 10. O-O Qe7 11. e4
Bd7 12. Bc4 Be6 13. Bxe6 Qxe6 14. d3 Na5 15. Rb1 Rfd8 {1/2-1/2 Ionov,S-Levin,F/
Dortmund 1992/TD (15)}) 7... Nc7 8. a3 (8. b3 Be7 9. Bb2 O-O 10. Rc1 b6 $11 {
Wirthensohn,H-Hansen,C/Hamburg 1991/Inf 52 (10)}) 8... Be7 9. Qc2 (9. Rb1 a5
10. b3 O-O 11. Bb2 Bf5 12. d3 Ne6 13. Ne4 Qc7 14. Qc2 Bg6 15. Qc4 Rad8 {
0-1 Olafsson,H-Ernst,T/Gausdal 1985/MCD (40)}) 9... O-O 10. Ne4 (10. d3 $11 {
In dieser Igelstellung kontrolliert Schwarz mehr Raum, aber die weiße Stellung
ist fest. Weiß kann später eventuell mit b2-b4 oder d3-d4 aktiv werden.}) (10.
b3 $11) 10... Ne6 (10... b6 11. d3 $11 {Jetzt kann Weiß nach 11...f5 12.Ned2
ziehen, wo der Springer elastischer als auf c3 steht.} (11. b4 $6 {[%cal Gc2c6]
} f5 $15)) 11. b3 Bd7 $11 {Schwarz hat eine bequeme Stellung. Er steht stark
im Zentrum und hat eine gesunde Figurenkoordination.} (11... f5 12. Nc3 e4 13.
Ne1 {Und im folgenden kann Weiß mit d2-d3 oder mit f2-f3 sprengen.}) 12. Bb2 f6
(12... f5 13. Ng3 Bf6 (13... e4 14. Ne5 Nxe5 15. Bxe5 $11) 14. d3 $11) 13. Ng3
{[%cal Gg3f5]} Rf7 14. Nf5 (14. d3 $11) 14... Bf8 15. d4 $6 {Dieser Zug wirkt
etwas zu optimistisch. Es wäre besser, mit bescheidenen Zügen die Stellung
halten.} (15. d3 $11) 15... cxd4 16. exd4 Rc8 {[%cal Gc8c2]} 17. Qb1 (17. dxe5
$5 fxe5 $15 {[%csl Rc2,Rf5][%cal Gf7f5,Gc8c2]} (17... Nxe5 18. Qd2 Nxf3+ 19.
Bxf3 Ng5 20. Nd4 (20. Bg4 h5) (20. Bd5 $2 Bxf5 $19) 20... Nxf3+ 21. Nxf3 Bc6
$15) (17... Ncd4 {[%csl Rf5][%cal Rc8c2]} 18. N5xd4 Rxc2 19. Nxc2 $13)) 17...
g6 18. Ng3 (18. d5 Nf4 $17 {[%csl Rf5][%cal Rf4e2,Re2g1]} (18... gxf5 19. dxc6
$15)) 18... Ncxd4 19. Nxd4 exd4 {[%cal Gc8c1] Schwarz besitzt einen gesunden
Mehrbauern und ich erkenne keine Kompensation.} 20. Bc4 $6 (20. Re1 $5 Bd6 21.
Bc4) 20... b5 21. Bd5 (21. Bxe6 Bxe6 $17 {[%csl Gd4][%cal Gf7d7]}) 21... Rc5
$17 {Weiß muß die Fesselung in der a2-g8 Diagonale aufgeben.} 22. Bf3 (22. Bxe6
Bxe6 $17) 22... Bc6 {[%cal Gf7d7] Weiß hat keinerlei Kompensation für den
Minusbauern.} 23. Ne4 (23. Bxc6 Rxc6) 23... Rf5 24. Re1 $6 (24. Nd2 Bxf3 25.
Nxf3 $17) (24. Bg4 Re5 25. Nd2 Nf4 $17) {[#]} 24... Rxf3 $1 $19 {Dieses schöne
Opfer entscheidet die Partie. Die weiße Königsstellung ist sehr schwach.} 25.
gxf3 f5 {[%csl Re4,Rg1][%cal Ge6f4] Der Springer e4 hat kein Feld, während
praktisch alle schwarzen Figuren am Angriff gegen den weißen König teilnehmen.}
26. Qc1 (26. Nd2 Qg5+ $19 {[%cal Rg5d2,Rg5g1]}) 26... Rc7 {[%cal Gc7c1]} 27.
Ng3 Ng5 {[%csl Rf3,Rg1][%cal Rg5f3,Rf3g1,Rf3e1] Weiß gab auf. Er kann sich der
vielseitigen Drohungen nicht erwehren.} 0-1